| 000 | 00838nam a2200265 a 4500 | ||
|---|---|---|---|
| 001 | 4967998 | ||
| 003 | OSt | ||
| 005 | 20250901165752.0 | ||
| 008 | 970228s1996 ctu b 001 0 eng | ||
| 010 | _a 97121122 | ||
| 020 | _a0887231233 | ||
| 040 |
_aDLC _cDLC |
||
| 050 | 0 | 0 |
_aRA 776 .H433 1996 _b.H433 1996 |
| 082 | 0 | 0 |
_a613 _221 |
| 245 | 0 | 0 |
_aHealing unlimited / _cfrom the editors of Boardroom Classics. |
| 260 |
_aGreenwich, CT : _bBoardroom Classics, _cc1996. |
||
| 300 |
_axi, 499 p. ; _c26 cm. |
||
| 504 | _aIncludes bibliographical references and index. | ||
| 650 | 0 | _aHealth. | |
| 650 | 0 | _aHealing. | |
| 710 | 2 | _aBoardroom Classics. | |
| 906 |
_a7 _bcbc _corignew _d2 _encip _f19 _gy-gencatlg |
||
| 942 |
_2lcc _cBK |
||
| 999 |
_c9001 _d9001 |
||